| 000 -LEADER | |
|---|---|
| fixed length control field | 00412nam a22001697a 4500 |
| 005 - DATE AND TIME OF LATEST TRANSACTION | |
| control field | 20160521162146.0 |
| 008 - FIXED-LENGTH DATA ELEMENTS--GENERAL INFORMATION | |
| fixed length control field | 160521b xxu||||| |||| 00| 0 eng d |
| 020 ## - INTERNATIONAL STANDARD BOOK NUMBER | |
| ISBN | 978-81-203-3445-8 |
| 041 ## - LANGUAGE CODE | |
| Language code of text/sound track or separate title | eng |
| 082 ## - DEWEY DECIMAL CLASSIFICATION NUMBER | |
| Item number | 3973 |
| 100 ## - MAIN ENTRY--AUTHOR NAME | |
| Personal name | Pal Nabendu & Sarker S. |
| 245 ## - TITLE STATEMENT | |
| Title | Statistics Concepts and applications |
| 260 ## - PUBLICATION, DISTRIBUTION, ETC. (IMPRINT) | |
| Place of publication | New Delhi |
| Name of publisher | PHI, |
| 300 ## - PHYSICAL DESCRIPTION | |
| Number of Pages | 445 |
| 650 ## - SUBJECT ADDED ENTRY--TOPICAL TERM | |
| Topical Term | Management |
| 942 ## - ADDED ENTRY ELEMENTS (KOHA) | |
| Koha item type | Books |
| Lost status | Damaged status | Collection code | Home library | Current library | Shelving location | Date acquired | Cost, normal purchase price | Full call number | Accession Number | Koha item type | Source of acquisition |
|---|---|---|---|---|---|---|---|---|---|---|---|
| MANAGEMENT | JRU Library | JRU Library | SHELF-74-G | 21/05/2016 | 325.00 | 519.5 | 3973 | Books | |||
| MANAGEMENT | JRU Library | JRU Library | SHELF-74-G | 21/05/2016 | 325.00 | 519.5 | 3974 | Books | |||
| MANAGEMENT | JRU Library | JRU Library | SHELF-74-G | 21/05/2016 | 325.00 | 519.5 | 3975 | Books | |||
| MANAGEMENT | JRU Library | JRU Library | SHELF-74-G | 19/09/2017 | 425.00 | 519.5 | 22068 | Books | Purchase | ||
| MANAGEMENT | JRU Library | JRU Library | SHELF-74-G | 19/09/2017 | 425.00 | 519.5 | 22069 | Books | Purchase | ||
| MANAGEMENT | JRU Library | JRU Library | SHELF-74-G | 19/09/2017 | 425.00 | 519.5 | 22070 | Books | Purchase |